[Event "Xtracon Chess Open 2019"]
[Site "Helsingor DEN"]
[Date "2019.07.27"]
[Round "9.138"]
[White "Madison, Sigurd"]
[Black "Lodahl, Holger Ronnow"]
[Result "1-0"]
[WhiteElo "1700"]
[BlackElo "1859"]
[WhiteFideId "1711806"]
[BlackFideId "1427342"]
[EventDate "2019.07.20"]

1. e4 c5 2. Nf3 d6 3. d3 g6 4. Nbd2 Bg7 5. c3 Nf6 6. g3 O-O 7. Bg2 Nc6 8. O-O
Rb8 9. d4 cxd4 10. cxd4 Nd7 11. Nc4 Nb6 12. Ne3 e5 13. d5 Ne7 14. a4 Nd7 15. b4
b5 16. a5 a6 17. Rb1 Rb7 18. Qb3 Nf6 19. Nd2 Ng4 20. Nf3 Nf6 21. Qd3 Ng4 22. Nc2
f5 23. Ng5 fxe4 24. Nxe4 Bf5 25. h3 Nf6 26. g4 Bxe4 27. Bxe4 Nxe4 28. Qxe4 Rc7
29. Ne3 Rf4 30. Qg2 Rd4 31. Ba3 Qc8 32. Rfc1 Rd3 33. Bb2 Rb3 34. Rxc7 Qxc7 35.
Rc1 Qb7 36. Bc3 Bh6 37. g5 Bg7 38. Qe4 Nf5 39. Nxf5 gxf5 40. Qxf5 Qxd5 41. Bxe5
Bxe5 42. Rc8+ Kg7 43. Rc7+ Kg8 44. Qc8# 1-0

[Event "Xtracon Chess Open 2019"]
[Site "Helsingor DEN"]
[Date "2019.07.27"]
[Round "9.139"]
[White "Kustagi, Zeeshan"]
[Black "Hansen, Verner"]
[Result "0-1"]
[WhiteElo "1690"]
[BlackElo "1838"]
[WhiteFideId "1468839"]
[BlackFideId "1425285"]
[EventDate "2019.07.20"]

1. e4 e5 2. Nf3 Nc6 3. d4 exd4 4. Bc4 Bc5 5. c3 Nf6 6. e5 Qe7 7. O-O Ng4 8. cxd4
Bb6 9. h3 Nh6 10. Nc3 Nxd4 11. Nd5 Nxf3+ 12. Qxf3 Qc5 13. Nxb6 axb6 14. Bb3 Qc6
15. Bd5 Qg6 16. Bxb7 Bxb7 17. Qxb7 O-O 18. Bxh6 gxh6 19. Qxc7 Rae8 20. Rad1 Rc8
21. Qxd7 Rc2 22. Rd2 Rfc8 23. Rfd1 Qg5 24. Rxc2 Rxc2 25. Qd8+ Qxd8 26. Rxd8+ Kg7
27. b3 Rxa2 28. Rb8 Ra5 29. Rxb6 Rxe5 30. b4 Re1+ 31. Kh2 Rb1 32. Kg3 Rb3+ 33.
f3 Rb2 34. h4 Rb1 35. Rb8 Kf6 36. Rb5 Kg6 37. f4 Rb3+ 38. Kh2 f5 39. Rb8 Kf6 40.
b5 Ke6 41. b6 Kd7 42. Rb7+ Kd6 43. Rxh7 Kd5 44. Rxh6 Ke4 45. Rh5 Rxb6 46. g3
Rb2+ 47. Kh3 Rb1 48. g4 Kf3 49. Kh2 fxg4 50. f5 g3+ 0-1

[Event "Xtracon Chess Open 2019"]
[Site "Helsingor DEN"]
[Date "2019.07.27"]
[Round "9.140"]
[White "Leonhardsen, Vebjorn Maanum"]
[Black "Haugaard, Thomas"]
[Result "1-0"]
[WhiteElo "1820"]
[BlackElo "1690"]
[WhiteFideId "1539515"]
[BlackFideId "1414330"]
[EventDate "2019.07.20"]

1. Nf3 Nf6 2. c4 e6 3. Nc3 d5 4. d4 Be7 5. Bg5 O-O 6. e3 h6 7. Bh4 b6 8. cxd5
Nxd5 9. Bxe7 Qxe7 10. Be2 Bb7 11. O-O Nd7 12. Qd2 c5 13. Nxd5 exd5 14. b3 Nf6
15. Rac1 Rac8 16. Qb2 Rfd8 17. Qa3 a6 18. Rc2 Kf8 19. Rfc1 Nd7 20. h3 Re8 21.
Bd3 g6 22. dxc5 bxc5 23. Bxa6 Bxa6 24. Qxa6 Ra8 25. Qd3 Ra3 26. Qxd5 1-0

[Event "Xtracon Chess Open 2019"]
[Site "Helsingor DEN"]
[Date "2019.07.27"]
[Round "9.142"]
[White "Lindgaard, Tobias Simon"]
[Black "Gottschalck, Christian"]
[Result "0-1"]
[WhiteElo "1804"]
[BlackElo "1684"]
[WhiteFideId "1419820"]
[BlackFideId "1428357"]
[EventDate "2019.07.20"]

1. Nf3 Nf6 2. g3 b6 3. Bg2 Bb7 4. d3 e6 5. O-O d5 6. Nbd2 Nbd7 7. Qe1 Be7 8. b3
c5 9. Bb2 Qc7 10. e4 d4 11. h3 e5 12. Nh4 g6 13. f4 exf4 14. gxf4 O-O-O 15. c3
dxc3 16. Bxc3 Nf8 17. Nc4 Rg8 18. Rd1 Nh5 19. Be5 Qc6 20. f5 f6 21. Bh2 Qd7 22.
Qf2 g5 23. Nf3 g4 24. hxg4 Rxg4 25. Nfe5 Rxg2+ 26. Kxg2 fxe5 27. Nxe5 Qd4 28.
Qe2 Nf6 29. Nf3 Qb4 30. Qb2 Ng4 31. Bf4 Bd6 32. a3 Qb5 33. e5 Bxe5 34. Kg3 Bxb2 0-1

[Event "Xtracon Chess Open 2019"]
[Site "Helsingor DEN"]
[Date "2019.07.27"]
[Round "9.143"]
[White "Hansen, Tommy"]
[Black "Harders, Poul Erik"]
[Result "1-0"]
[WhiteElo "1799"]
[BlackElo "1676"]
[WhiteFideId "1511009"]
[BlackFideId "1416251"]
[EventDate "2019.07.20"]

1. e4 c5 2. c3 d5 3. exd5 Qxd5 4. d4 Nc6 5. Nf3 Nf6 6. Be2 Bg4 7. h3 Bh5 8. O-O
e6 9. Na3 a6 10. Nc2 Be7 11. Be3 O-O 12. Nce1 cxd4 13. cxd4 Rac8 14. a3 Na5 15.
Nd3 Nc4 16. Nf4 Qd8 17. Nxh5 Nxh5 18. Bxc4 Nf6 19. Bd3 Nd5 20. Ne5 f5 21. Rc1
Rxc1 22. Bxc1 Rf6 23. Bg5 Rf8 24. Bxe7 Qxe7 25. Re1 Qd6 26. Bf1 Nf4 27. Re3 Nd5
28. Rd3 Nf4 29. Rc3 Rd8 30. g3 Nd5 31. Rc1 Qe7 32. Qc2 f4 33. Qd2 fxg3 34. fxg3
Nf6 35. Bg2 Qd6 36. Kh2 Qxe5 37. dxe5 Rxd2 38. exf6 gxf6 39. Rc8+ Kf7 40. Rc7+
Kg6 41. Rxb7 Rd6 42. h4 h6 43. Ra7 Rd2 44. b4 Rd6 45. Bf1 Rd1 46. Bxa6 e5 47. b5
Rd2+ 48. Kh3 f5 49. b6 f4 50. gxf4 exf4 51. b7 1-0

[Event "Xtracon Chess Open 2019"]
[Site "Helsingor DEN"]
[Date "2019.07.27"]
[Round "9.144"]
[White "Gaure, Sigurd Lauvas"]
[Black "Loveid, Erik"]
[Result "0-1"]
[WhiteElo "1657"]
[BlackElo "1799"]
[WhiteFideId "1524933"]
[BlackFideId "1520067"]
[EventDate "2019.07.20"]

1. e4 c6 2. d4 d5 3. e5 Bf5 4. c4 e6 5. a3 a5 6. Nc3 dxc4 7. Bxc4 Nd7 8. h3 h5
9. Nge2 Ne7 10. Bd3 Bxd3 11. Qxd3 Nxe5 12. Qg3 N5g6 13. f4 Nf5 14. Qf2 h4 15.
Ne4 Qd5 16. N4c3 Qd7 17. Be3 Nge7 18. Rd1 Nd5 19. Nxd5 exd5 20. O-O Be7 21. Nc1
Ng3 22. Rfe1 Ne4 23. Qf3 Qf5 24. Nd3 O-O 25. Ne5 Bd6 26. Ng4 Rfe8 27. Rb1 Re7
28. Rbd1 Rae8 29. Kh1 Ng3+ 30. Kg1 Bxf4 31. Ne5 Bxe5 0-1

[Event "Xtracon Chess Open 2019"]
[Site "Helsingor DEN"]
[Date "2019.07.27"]
[Round "9.145"]
[White "Madsen, Svend"]
[Black "Zwisler, Lars Erik"]
[Result "1-0"]
[WhiteElo "1655"]
[BlackElo "1789"]
[WhiteFideId "1419846"]
[BlackFideId "1418351"]
[EventDate "2019.07.20"]

1. e4 d5 2. exd5 Nf6 3. d4 Bg4 4. Nf3 Nxd5 5. Be2 Nc6 6. O-O e6 7. Re1 Bd6 8. a3
h6 9. c4 Nf6 10. Nc3 O-O 11. Be3 Rb8 12. b4 a6 13. Ra2 Re8 14. Rd2 a5 15. b5 Na7
16. c5 Be7 17. d5 exd5 18. Nxd5 Nxd5 19. Rxd5 Qc8 20. Qc1 c6 21. bxc6 bxc6 22.
Rdd1 Bf6 23. h3 Bxf3 24. Bxf3 Bb2 25. Qd2 Bxa3 26. Bg4 Qb7 27. Qd6 Bb4 28. Rf1 1-0

[Event "Xtracon Chess Open 2019"]
[Site "Helsingor DEN"]
[Date "2019.07.27"]
[Round "9.146"]
[White "Iskos, Lukas"]
[Black "Overmark, Ole"]
[Result "1-0"]
[WhiteElo "1622"]
[BlackElo "1765"]
[WhiteFideId "1461613"]
[BlackFideId "1410776"]
[EventDate "2019.07.20"]

1. e4 e6 2. Nf3 d5 3. Nc3 d4 4. Ne2 c5 5. c3 Nc6 6. cxd4 cxd4 7. Qa4 Bc5 8. b4
Bb6 9. b5 Nce7 10. Nexd4 Nf6 11. d3 h6 12. Be2 O-O 13. O-O Bd7 14. Bb2 a6 15.
Qb3 Ng6 16. Rab1 Bxd4 17. Nxd4 e5 18. Nf3 Nf4 19. Rfe1 Nxe2+ 20. Rxe2 Bxb5 21.
Nxe5 Rc8 22. Ba3 Qd4 23. Bxf8 Qxe5 24. Bb4 Qd4 25. Rd1 b6 26. e5 Qg4 27. f3 Qd4+
28. Kh1 Re8 29. e6 fxe6 30. Rxe6 Rxe6 31. Qxe6+ Kh7 32. Qf5+ Kh8 33. Qc8+ Kh7
34. Bc3 Qa4 35. Re1 Bd7 36. Qc4 Qxc4 37. dxc4 Kg6 38. Bxf6 Kxf6 39. Rd1 Ke6 40.
Kg1 Ba4 41. Rd8 b5 42. cxb5 Bxb5 43. Kf2 Bc4 44. a3 Ke7 45. Rd2 Ke6 46. Ke3 Bb5
47. Rc2 Kd6 48. Kd4 Bd7 49. h4 Be6 50. Rb2 Bd5 51. Rb6+ 1-0

[Event "Xtracon Chess Open 2019"]
[Site "Helsingor DEN"]
[Date "2019.07.27"]
[Round "9.147"]
[White "Markussen, Bernt Olav"]
[Black "Pihl, William"]
[Result "1/2-1/2"]
[WhiteElo "1761"]
[BlackElo "1669"]
[WhiteFideId "1538845"]
[BlackFideId "1467310"]
[EventDate "2019.07.20"]

1. d4 d5 2. Bf4 Nf6 3. e3 Bf5 4. c4 e6 5. Qb3 Nbd7 6. Nc3 dxc4 7. Bxc4 Nb6 8.
Nf3 Be7 9. O-O O-O 10. Rfd1 c6 11. Ne5 Nfd5 12. Bg3 a5 13. Nxd5 exd5 14. Bd3
Bxd3 15. Nxd3 a4 16. Qc2 Bd6 17. Bxd6 Qxd6 18. Qc5 Qxc5 19. Nxc5 Nc4 20. b3 axb3
21. axb3 Nd6 22. Nd7 Rfd8 23. Nb6 Rxa1 24. Rxa1 Nb5 25. Kf1 Re8 26. Ra4 f6 27.
Ke1 Kf7 1/2-1/2

[Event "Xtracon Chess Open 2019"]
[Site "Helsingor DEN"]
[Date "2019.07.27"]
[Round "9.148"]
[White "Willard, Hakan"]
[Black "Rasmussen, Henning2"]
[Result "1/2-1/2"]
[WhiteElo "1614"]
[BlackElo "1757"]
[WhiteFideId "1733621"]
[BlackFideId "1410962"]
[EventDate "2019.07.20"]

1. e4 e6 2. d4 d5 3. Nd2 c5 4. Ngf3 Nf6 5. e5 Nfd7 6. c3 Nc6 7. Be2 cxd4 8. cxd4
Qb6 9. Nb3 Bb4+ 10. Bd2 Bxd2+ 11. Qxd2 Qb4 12. O-O Qxd2 13. Nbxd2 b6 14. Rac1
Bb7 15. Rc3 Rc8 16. Rfc1 Ndb8 17. b4 O-O 18. a3 h6 19. Nf1 Rfd8 20. Ng3 Ne7 21.
Bd3 Rxc3 22. Rxc3 Rc8 23. Rxc8+ Bxc8 24. Kf1 Ba6 25. Ke2 Bxd3+ 26. Kxd3 Nbc6 27.
Nd2 f6 28. f4 fxe5 29. fxe5 Kf7 30. Ke3 g6 31. h3 Ng8 32. Ne2 Nge7 33. g4 g5 34.
Nb3 a6 35. Nbc1 Ng6 36. Nb3 Nge7 1/2-1/2

[Event "Xtracon Chess Open 2019"]
[Site "Helsingor DEN"]
[Date "2019.07.27"]
[Round "9.149"]
[White "Fjallheim, Benjamin Reinert"]
[Black "Poulsen, Knud"]
[Result "1/2-1/2"]
[WhiteElo "1612"]
[BlackElo "1743"]
[WhiteFideId "7202008"]
[BlackFideId "1422324"]
[EventDate "2019.07.20"]

1. Nf3 Nf6 2. g3 b6 3. Bg2 Bb7 4. O-O d5 5. d3 h6 6. b3 e6 7. c4 Bd6 8. cxd5
exd5 9. Bb2 O-O 10. Nc3 a6 11. Rc1 Re8 12. Nd2 Ra7 13. e4 Be5 14. exd5 Bxd5 15.
Nxd5 Bxb2 16. Nxf6+ Bxf6 17. Re1 c5 18. Nc4 Rae7 19. Qd2 Bd4 20. Rxe7 Rxe7 21.
Re1 b5 22. Rxe7 Qxe7 23. Nb6 Qe5 24. Nd5 b4 25. Qf4 Qe1+ 26. Bf1 Nd7 27. Qf3 Ne5
28. Qe2 Nxd3 29. Qxe1 Nxe1 30. Be2 a5 31. Ne7+ Kf8 32. Nc6 Nc2 33. Nxa5 Ke7 34.
Bd3 Na3 35. Nc6+ Kd6 36. Nxd4 cxd4 37. Kg2 Kc5 38. Kf3 Nb5 39. Bxb5 Kxb5 40. Ke4
Kc5 41. g4 g6 42. f4 f5+ 43. gxf5 gxf5+ 44. Kd3 Kd5 45. h3 Kc5 46. Kd2 h5 47. h4
Kd6 48. Ke2 1/2-1/2

[Event "Xtracon Chess Open 2019"]
[Site "Helsingor DEN"]
[Date "2019.07.27"]
[Round "9.150"]
[White "Brokso, Kim"]
[Black "Eiding, Amanda Mai Irgens"]
[Result "0-1"]
[WhiteElo "1732"]
[BlackElo "1633"]
[WhiteFideId "1441477"]
[BlackFideId "1549499"]
[EventDate "2019.07.20"]

1. e4 c5 2. Bc4 Nc6 3. d3 g6 4. Nf3 Bg7 5. c3 Nf6 6. O-O O-O 7. d4 cxd4 8. e5
Ne8 9. cxd4 d6 10. Qe2 Bg4 11. Rd1 Bxf3 12. Qxf3 dxe5 13. dxe5 Nxe5 14. Qb3 Nd6
15. Bd5 Qc7 16. Bf4 Rac8 17. Nc3 e6 18. Bxe6 fxe6 19. Qxe6+ Ndf7 20. Nd5 Qc4 21.
Rac1 Rc6 22. Qxc6 Qxc6 23. Ne7+ Kh8 24. Nxc6 Nxc6 25. Be3 Rd8 26. Rxd8+ Nfxd8
27. b3 Bf6 28. Kf1 Kg8 29. Ke2 Kf7 30. f4 Ke6 31. g4 Nf7 32. Rd1 Nd6 33. Kf3 a6
34. a3 Nb5 35. Bc5 Ncd4+ 36. Bxd4 Nxd4+ 37. Ke4 Nxb3 38. f5+ Ke7 39. Rb1 Nd2+ 0-1

[Event "Xtracon Chess Open 2019"]
[Site "Helsingor DEN"]
[Date "2019.07.27"]
[Round "9.151"]
[White "Horslund, Mikael"]
[Black "Sundin, Sven-Ingvar"]
[Result "1/2-1/2"]
[WhiteElo "1716"]
[BlackElo "1632"]
[WhiteFideId "1421042"]
[BlackFideId "1724517"]
[EventDate "2019.07.20"]

1. Nc3 Nf6 2. d4 d5 3. Bf4 e6 4. Nb5 Na6 5. a3 c6 6. Nc3 Bd6 7. Bg3 b6 8. f3 c5
9. e3 cxd4 10. exd4 O-O 11. Qd2 Nc7 12. Rd1 a6 13. Nge2 Re8 14. f4 b5 15. Bh4 b4
16. axb4 Bxb4 17. Qe3 Be7 18. Qf3 Rb8 19. b3 Bb7 20. g4 Bb4 21. Bxf6 Qxf6 22.
Kf2 g6 23. h4 Bd6 24. Bg2 Nb5 25. Nxb5 axb5 26. Bh3 Rbc8 27. g5 Qg7 28. Qd3 b4
29. Ra1 Re7 30. Ra2 f6 31. gxf6 Qxf6 32. Qg3 Kh8 33. Qg5 Qf7 34. Rc1 Rf8 35. Ke3
Rc7 36. Rf1 Bc8 37. Bg4 Kg7 38. h5 h6 39. Qxg6+ Qxg6 40. hxg6 Kxg6 41. Rg1 Kh7
42. Bh5 Rg8 43. Rxg8 Kxg8 44. Kd3 Kg7 45. Ra1 Bf8 46. Rg1+ Kf6 47. Ra1 Kg7 1/2-1/2

[Event "Xtracon Chess Open 2019"]
[Site "Helsingor DEN"]
[Date "2019.07.27"]
[Round "9.152"]
[White "Nielsen, Kai Gylling"]
[Black "Nergard, Ole-Kristian"]
[Result "1-0"]
[WhiteElo "1709"]
[BlackElo "1505"]
[WhiteFideId "1406400"]
[BlackFideId "1543156"]
[EventDate "2019.07.20"]

1. e4 c5 2. Nf3 d6 3. Bc4 e6 4. d4 cxd4 5. Nxd4 Nc6 6. O-O Nf6 7. Nc3 Be7 8. Be3
Nxe4 9. Nxe4 d5 10. Nxc6 bxc6 11. Bd3 dxe4 12. Bxe4 Qc7 13. Qf3 O-O 14. Bxc6 Rb8
15. Bd4 Ba6 16. Rfe1 Rfc8 17. Be4 Bd6 18. h3 Bb7 19. Bxb7 Rxb7 20. Bc3 a5 21.
Bxa5 Qe7 22. Bc3 Rb5 23. Re4 Rf5 24. Qxf5 exf5 25. Rxe7 Bxe7 26. a4 g5 27. a5
Bc5 28. Rd1 Re8 29. Rd5 Ba7 30. Rxf5 h6 31. Rf6 Kh7 32. Rxf7+ 1-0

[Event "Xtracon Chess Open 2019"]
[Site "Helsingor DEN"]
[Date "2019.07.27"]
[Round "9.153"]
[White "Olsen, Kim Alex"]
[Black "Khoo-Thwe, Louis"]
[Result "0-1"]
[WhiteElo "1651"]
[BlackElo "1746"]
[WhiteFideId "1406663"]
[BlackFideId "1538756"]
[EventDate "2019.07.20"]

1. d4 Nf6 2. Bf4 e6 3. e3 b6 4. Be2 Bb7 5. Bf3 d5 6. Nd2 c5 7. c3 Nc6 8. Be2 Bd6
9. Bxd6 Qxd6 10. Ngf3 O-O 11. Bd3 e5 12. dxe5 Nxe5 13. Nxe5 Qxe5 14. Nf3 Qh5 15.
Be2 Rfe8 16. O-O Rad8 17. Qa4 a6 18. h3 b5 19. Qc2 Qh6 20. Qf5 Ne4 21. Ne5 Nd6
22. Qf4 Qxf4 23. exf4 f6 24. Bh5 g6 25. Nxg6 hxg6 26. Bxg6 Re2 27. b3 Ne4 28. g4
Nxc3 29. h4 d4 30. Bd3 Rd2 31. Bf5 d3 32. g5 Rb2 33. h5 Ne2+ 34. Kh2 Nxf4 35.
gxf6 d2 36. Rg1+ Ng2 37. h6 Kf7 38. Kg3 Kxf6 39. Bg4 Kg6 40. Bf3 Rd3 41. Rxg2
Bxf3 0-1

[Event "Xtracon Chess Open 2019"]
[Site "Helsingor DEN"]
[Date "2019.07.27"]
[Round "9.154"]
[White "Petersen, Rasmus"]
[Black "Larsen, Mette Dalsgaard"]
[Result "1-0"]
[WhiteElo "1745"]
[BlackElo "1637"]
[WhiteFideId "1448250"]
[BlackFideId "1430718"]
[EventDate "2019.07.20"]

1. d4 d5 2. c4 e6 3. Nc3 Nf6 4. cxd5 exd5 5. Bg5 Be7 6. e3 c6 7. Bd3 h6 8. Bh4
O-O 9. Nge2 Nbd7 10. Rc1 Re8 11. O-O Nf8 12. f3 Nh5 13. Bxe7 Qxe7 14. e4 dxe4
15. fxe4 Be6 16. Qd2 Rad8 17. Qe3 Bg4 18. Qf2 Be6 19. Bb1 Nf6 20. Rfd1 N8h7 21.
Nf4 Bg4 22. e5 Nh5 23. Qc2 Nf8 24. Nxh5 Bxh5 25. Rd2 Bg6 26. Ne4 Ne6 27. Qc3 Nf4
28. Nd6 Nd5 29. Qg3 Bxb1 30. Nxe8 Bg6 31. Nd6 Nb6 32. Rf1 Nc8 33. Nxc8 Rxc8 34.
Qc3 Rd8 35. a3 Be4 36. Qe3 Bd5 37. Qf4 Qe6 38. h3 Qg6 39. Rff2 Qe6 40. Qe3 Rd7
41. Qc3 Qe7 42. Qg3 Be6 43. b4 a6 44. Qc3 Qg5 45. Kh2 Rd5 46. Qg3 Qd8 47. Qf4
Qd7 48. g4 Qe7 49. Kg3 Kf8 50. h4 Ke8 51. g5 hxg5 52. hxg5 g6 53. Rh2 Bf5 54.
Qh4 Kd7 55. Kf4 Kc7 56. Qh8 Qd7 57. Qf6 Rxd4+ 58. Ke3 Rxd2 59. Rxd2 Qe8 60. a4
Be6 61. a5 Bd5 62. Qd6+ Kc8 63. Kd4 Qd7 64. Kc5 Qh3 65. Qf8+ Kc7 66. Qe7+ Kc8
67. Kd6 Qe6+ 68. Qxe6+ Bxe6 69. Rh2 Kb8 70. Rh6 Bd5 71. e6 fxe6 72. Rxg6 Ka7 73.
Rxe6 1-0

[Event "Xtracon Chess Open 2019"]
[Site "Helsingor DEN"]
[Date "2019.07.27"]
[Round "9.155"]
[White "Fuchs, Jochen"]
[Black "Svane, Freja"]
[Result "1/2-1/2"]
[WhiteElo "1742"]
[BlackElo "1600"]
[WhiteFideId "16243943"]
[BlackFideId "12940100"]
[EventDate "2019.07.20"]

1. Nf3 c6 2. c4 d5 3. g3 Nf6 4. Bg2 e6 5. b3 Be7 6. Bb2 O-O 7. O-O Nbd7 8. d3 b6
9. Nbd2 Ba6 10. Rc1 Rc8 11. Rc2 Rc7 12. Qa1 Qb8 13. Ne5 Rfc8 14. Nxd7 Rxd7 15.
cxd5 cxd5 16. Rfc1 Rxc2 17. Rxc2 Rd8 18. Be5 Qa8 19. Rc7 Bd6 20. Bxd6 Rxd6 21.
Qe5 Rd7 22. Rxd7 Nxd7 23. Qc7 Qb7 24. Qd8+ Nf8 25. Nf3 Qd7 26. Qb8 Qb7 27. Qf4
Qc6 28. Bh3 Qc2 29. Ng5 f5 30. Bf1 Bc8 31. Qb8 h6 32. Nf3 a6 33. Qxb6 Qxa2 34.
Qc7 Bd7 35. Ne5 Be8 36. b4 Qa4 37. Qe7 Qb5 38. Bg2 Qb8 39. d4 Bb5 40. Qf7+ Kh8
41. Bf3 Qe8 42. Bh5 Qxf7 43. Nxf7+ Kh7 44. Nd8 g6 45. Bf3 Kg7 46. e3 Kf6 47. Nb7
Nd7 48. h4 1/2-1/2

[Event "Xtracon Chess Open 2019"]
[Site "Helsingor DEN"]
[Date "2019.07.27"]
[Round "9.156"]
[White "Narheim, Mats"]
[Black "Strachan, Christian C."]
[Result "1/2-1/2"]
[WhiteElo "1608"]
[BlackElo "1727"]
[WhiteFideId "1518607"]
[BlackFideId "1417215"]
[EventDate "2019.07.20"]

1. e4 e6 2. Qe2 Be7 3. d3 d5 4. Nf3 Nf6 5. g3 c5 6. Bg2 Nc6 7. Bf4 O-O 8. e5 Nd7
9. Nbd2 g5 10. Be3 d4 11. Bxg5 Bxg5 12. Ne4 Be7 13. h4 f6 14. exf6 Bxf6 15. Nfg5
Nde5 16. Qh5 Qe7 17. O-O-O Bd7 18. f4 Be8 19. Qe2 Nd7 20. Bh3 Nd8 21. g4 h6 22.
Nf3 Bg7 23. g5 h5 24. g6 Rxf4 25. Nfg5 Bxg6 26. Ng3 Nf6 27. Rde1 Qd6 28. N3e4
Nxe4 29. Nxe4 Bxe4 30. dxe4 Qe5 31. Qg2 Qf6 32. e5 Qh6 33. Kb1 Rc8 34. Reg1 Rc7
35. Rh2 Rcf7 36. Qd2 Kh8 37. a3 Bxe5 38. Re2 Bg7 39. Qa5 Qf6 40. Qxc5 Qh6 41.
Rg5 Rxh4 42. Bg2 e5 43. Rg3 Rhf4 44. Bd5 Rf8 45. Reg2 Rg4 46. Rxg4 hxg4 47. Rxg4
Nf7 48. Rg1 Qf6 49. Qc7 Qb6 50. Qe7 Qf6 51. Qxb7 Nh6 52. Be4 Qf7 53. Qc6 Qf6 54.
Qc7 Qf7 55. Qc6 Qf6 56. Qc7 Qf7 1/2-1/2

[Event "Xtracon Chess Open 2019"]
[Site "Helsingor DEN"]
[Date "2019.07.27"]
[Round "9.157"]
[White "Linjord, David Jess"]
[Black "Damm, Henrik"]
[Result "1/2-1/2"]
[WhiteElo "1701"]
[BlackElo "1591"]
[WhiteFideId "1527690"]
[BlackFideId "1425013"]
[EventDate "2019.07.20"]

1. c4 c5 2. Nc3 Nc6 3. Nf3 g6 4. g3 Bg7 5. Bg2 Nf6 6. O-O O-O 7. d4 cxd4 8. Nxd4
e6 9. Ndb5 Ne8 10. Bf4 e5 11. Be3 a6 12. Nd6 Nxd6 13. Qxd6 Qf6 14. Ne4 Qe6 15.
Qxe6 dxe6 16. Bc5 Rd8 17. Bb6 Rf8 18. Rfd1 f5 19. Nc5 e4 20. Rab1 Re8 21. f3
Bd4+ 22. Kf1 Bxc5 23. Bxc5 exf3 24. Bxf3 Ne5 25. b3 Nxf3 26. exf3 b5 27. Kf2 e5
28. Bd6 bxc4 29. bxc4 Be6 30. Rbc1 Rac8 31. c5 Bxa2 32. Rd2 Be6 33. Bxe5 Rc6 34.
Bd6 Kf7 35. Ra1 Ra8 36. Ra5 Bc4 37. Rd1 Be6 38. Rd2 Bc4 39. Rd1 1/2-1/2

[Event "Xtracon Chess Open 2019"]
[Site "Helsingor DEN"]
[Date "2019.07.27"]
[Round "9.158"]
[White "Jensen, Torben W."]
[Black "Digernes, Mikael"]
[Result "0-1"]
[WhiteElo "1693"]
[BlackElo "1560"]
[WhiteFideId "1515942"]
[BlackFideId "1544225"]
[EventDate "2019.07.20"]

1. d4 Nf6 2. c4 e6 3. Nf3 d5 4. Nc3 Bb4 5. Bd2 Bxc3 6. Bxc3 O-O 7. e3 b6 8. cxd5
Nxd5 9. Bd2 Bb7 10. Rc1 Nd7 11. Bd3 h6 12. O-O c5 13. a3 cxd4 14. exd4 N7f6 15.
Re1 Re8 16. Bb1 Qd6 17. Ne5 Nd7 18. Bxh6 gxh6 19. Qh5 Nxe5 20. dxe5 Qf8 21. Rc4
Kh8 22. Rg4 Rac8 23. Rg3 Re7 24. Qe2 Nf4 25. Qd2 Nxg2 26. Rh3 Qg7 27. Rxh6+ Kg8
28. Rh7 Qg4 29. h3 Nxe1+ 30. Kf1 Qc4+ 31. Kxe1 Qc1+ 0-1

[Event "Xtracon Chess Open 2019"]
[Site "Helsingor DEN"]
[Date "2019.07.27"]
[Round "9.159"]
[White "Gjelstrup, Ole"]
[Black "Hojgaard, Brandur"]
[Result "0-1"]
[WhiteElo "1544"]
[BlackElo "1683"]
[WhiteFideId "1413481"]
[BlackFideId "7201478"]
[EventDate "2019.07.20"]

1. e4 e5 2. Ne2 Bc5 3. f4 d6 4. d3 Nf6 5. Nbc3 Nc6 6. h3 Nh5 7. g3 O-O 8. Bg2
Nxg3 9. Nxg3 Qh4 10. Qf3 Nd4 11. Qf2 Nf5 12. exf5 Bxf2+ 13. Kxf2 exf4 14. Rf1
fxg3+ 15. Kg1 Re8 16. Nd5 Re2 17. Rf4 Qd8 18. Be4 c6 19. Nc3 Qb6+ 0-1

[Event "Xtracon Chess Open 2019"]
[Site "Helsingor DEN"]
[Date "2019.07.27"]
[Round "9.160"]
[White "Werner, Jakob"]
[Black "Linjord, Anders Jess"]
[Result "1-0"]
[WhiteElo "1681"]
[BlackElo "1222"]
[WhiteFideId "1426850"]
[BlackFideId "1530020"]
[EventDate "2019.07.20"]

1. d4 Nf6 2. Nf3 e6 3. g3 d5 4. Bg2 c5 5. O-O Nc6 6. c3 Be7 7. dxc5 Bxc5 8. Nbd2
O-O 9. Nb3 Be7 10. Nbd4 Qc7 11. Bf4 Bd6 12. Nb5 Qb6 13. Nxd6 Qxb2 14. Qc1 Qxe2
15. Re1 Qa6 16. Bf1 Qb6 17. Rb1 Qa5 18. Rb3 Ng4 19. Qa3 Qxa3 20. Rxa3 a6 21. h3
Nf6 22. Rb1 Nd8 23. Ne5 Ne4 24. Nxe4 dxe4 25. Rd1 f6 26. Nd7 Rf7 27. Nb6 Nc6 28.
Nxa8 b5 29. Nb6 Bb7 30. Rd7 1-0

[Event "Xtracon Chess Open 2019"]
[Site "Helsingor DEN"]
[Date "2019.07.27"]
[Round "9.161"]
[White "Joensen, Sigurd"]
[Black "Larsen, Hans Haagen"]
[Result "0-1"]
[WhiteElo "1532"]
[BlackElo "1680"]
[WhiteFideId "7200935"]
[BlackFideId "1409557"]
[EventDate "2019.07.20"]

1. e4 e6 2. Nf3 d5 3. e5 c5 4. d4 Nd7 5. c3 Ne7 6. Bg5 Qb6 7. Bxe7 Bxe7 8. b3 f5
9. Be2 O-O 10. O-O g5 11. Kh1 Kh8 12. Qd2 Rg8 13. Na3 cxd4 14. Nc2 dxc3 15. Qxc3
Qc6 16. Qb2 Nf8 17. Ncd4 Qe8 18. Ng1 Qg6 19. g3 h5 20. Qc3 Bd7 21. Nh3 Rc8 22.
Qd3 Ba3 23. Rad1 a6 24. Rg1 Bb2 25. Nf3 Qh6 26. Nhxg5 Rxg5 27. Nxg5 Qxg5 28. f4
Qh6 29. a4 Ng6 30. Qf3 h4 31. Qh5 Qxh5 32. Bxh5 Ne7 33. Rg2 Bc3 34. Rc2 h3 35.
Rdc1 d4 36. Be2 Bc6+ 37. Kg1 Be4 38. Ra2 d3 39. Bh5 Bd4+ 0-1

[Event "Xtracon Chess Open 2019"]
[Site "Helsingor DEN"]
[Date "2019.07.27"]
[Round "9.162"]
[White "Gade, Jens"]
[Black "Petersen, Jan"]
[Result "0-1"]
[WhiteElo "1528"]
[BlackElo "1660"]
[WhiteFideId "1416111"]
[BlackFideId "1426320"]
[EventDate "2019.07.20"]

1. d4 d5 2. c4 c6 3. e3 Nf6 4. Nc3 Bf5 5. Nf3 Nbd7 6. cxd5 cxd5 7. Bd3 Bxd3 8.
Qxd3 e6 9. O-O Be7 10. Re1 O-O 11. Bd2 Rc8 12. Rac1 a6 13. b3 b5 14. Ne2 Qb6 15.
Rxc8 Rxc8 16. Rc1 Rxc1+ 17. Bxc1 b4 18. h3 Qc6 19. Nd2 Bd6 20. f3 e5 21. e4 exd4
22. exd5 Nxd5 23. Bb2 Ne5 24. Qe4 Nf6 25. Qxc6 Nxc6 26. Nc4 Bc5 27. Kf1 Nd7 28.
f4 f5 29. Nc1 g6 30. Nd3 Kf7 31. Kf2 Ke6 32. Kf3 Kd5 33. Bc1 Nf6 34. Bd2 Ne4 35.
Be1 Nc3 36. Nxc5 Kxc5 37. a4 Nd5 38. g3 Nf6 39. Ke2 Ne8 40. Kd3 a5 41. Bf2 Nf6
42. Ne5 Ne4 43. Be1 Nxe5+ 44. fxe5 Kd5 45. Bd2 Nxd2 46. Kxd2 Kxe5 47. Kd3 Kd5
48. h4 h6 0-1